| 000 | 010040000a22002290004500 | ||
|---|---|---|---|
| 001 | 768714001 | ||
| 003 | CO-MdFUSB | ||
| 005 | 20161103145617.0 | ||
| 008 | 161103s1996 sp ||||| |||| 00| 0 eng d | ||
| 022 | _a0014-1437 | ||
| 040 |
_aCO-MdFUSB _bspa _cCO-MdFUSB _dCO-MdFUSB |
||
| 041 | _aeng | ||
| 100 | 1 |
_aAvalos, Héctor Ignacio _eautor |
|
| 245 | 1 | 0 | _aA Ladino version of the Targum of Ruth |
| 300 |
_aVolumen 54, número 2 (1996), Páginas 165-182 _c23 cm. |
||
| 520 | _aEste artículo presenta algunos puntos de partida para el estudio de la versión del Targum de Rut en ladino. En este Targum encontramos una serie de interesantes lecturas que pueden reflejar una tradición aramea y diferente, en diversos aspectos de los testigos textuales del Targum de Rut que conocemos | ||
| 546 | _aTexto en Inglés | ||
| 653 | _aAntiguo Testamento -- Rut | ||
| 653 | _aTargum | ||
| 773 | 0 |
_tEstudios Bíblicos _049452 _960482 _gVolumen 54, número 2 (1996), Páginas 165-182 _qPáginas 165 |
|
| 942 | _cANA | ||
| 999 |
_c50197 _d50197 |
||